Bytový dom

Enregistré dans:
Détails bibliographiques
Auteur principal: Baka, Martin (Auteur)
Autres auteurs: Antošová, Naďa (Directeur de thèse)
Format: Manuscrit Livre
Langue:slovaque
Publié: 2022
Sujets:
Accès en ligne:http://is.stuba.sk/zp/portal_zp.pl?podrobnosti=155612
https://opac.crzp.sk/?fn=detailBiblioForm&sid=EC9507141B5FF6F0440BCAC822A1
Tags: Ajouter un tag
Pas de tags, Soyez le premier à ajouter un tag!

MARC

LEADER 00000ntm a22000003a 4500
001 stuzp87040
003 SK-STU
005 20230424102529.1
007 ta
008 150427s2015----xo-----f-mn---000-0-slo-d
040 |a STU  |b slo 
041 0 |a slo 
100 1 |a Baka, Martin  |u 010270  |4 aut  |U SvF Stavebná fakulta  |T SvF Katedra technológie stavieb  |X 103548  |U V270  |Y 28  |7 103548 
242 0 1 |a Residential house  |y eng 
245 1 0 |a Bytový dom 
260 |c 2022 
650 4 |a Projekt organizácie výstavby  |2 slo 
650 4 |a Bytový dom  |2 slo 
650 4 |a Obklady a dlažby  |2 slo 
650 4 |a Project of building organization  |2 eng 
650 4 |a Tiles and pavements  |2 eng 
650 4 |a Residential house  |2 eng 
700 1 |a Antošová, Naďa  |u 010270  |k Z1  |4 ths  |U SvF Stavebná fakulta  |T SvF Katedra technológie stavieb  |X 3720  |U V270  |Y 28  |7 A000003720 
856 4 |u http://is.stuba.sk/zp/portal_zp.pl?podrobnosti=155612 
856 4 |u https://opac.crzp.sk/?fn=detailBiblioForm&sid=EC9507141B5FF6F0440BCAC822A1